100 Biggest Cities in Queensland - Statistics

General Stats
  • This quiz has been taken 145 times
  • The average score is 30 of 100
Answers on the Map
Answers color-coded by a green-red scale on the quiz's map according to % correct below.
 
Answer Stats
City Population % Correct
Brisbane 2,275,734
95%
Cairns 154,931
95%
Sunshine Coast 275,063
89%
Gold Coast 673,771
88%
Rockhampton 61,985
85%
Townsville 173,247
85%
Toowoomba 108,149
83%
Mount Isa 18,312
75%
Mackay 81,246
74%
Bundaberg 52,124
69%
Hervey Bay 57,734
65%
Gladstone 34,431
61%
Maryborough 22,357
60%
Gympie 19,953
56%
Emerald 14,081
54%
Roma 6,841
53%
Weipa 4,102
51%
Dalby 12,098
50%
Longreach 2,731
50%
Warwick 14,115
49%
Yeppoon 17,552
49%
Port Douglas 4,629
45%
Innisfail 7,179
44%
Thursday Island 2,807
44%
Charters Towers 8,046
41%
Goondiwindi 5,436
41%
Airlie Beach 10,476
39%
Ingham 4,401
39%
Ayr 8,192
38%
Bowen 9,599
38%
Charleville 2,725
38%
Logan Village 3,349
38%
Cloncurry 2,521
36%
Stanthorpe 4,886
36%
Chinchilla 6,292
34%
Kingaroy 10,316
34%
Nambour 20,576
34%
St. George 2,511
34%
Mareeba 8,021
33%
Atherton 7,201
31%
Beaudesert 5,998
31%
Proserpine 3,451
30%
Maleny 2,981
29%
Bargara 13,004
26%
Gatton 6,688
26%
Moranbah 8,887
24%
Biloela 5,659
23%
Blackwater 4,570
23%
Gordonvale 6,022
23%
Landsborough 4,119
23%
Sarina 3,491
23%
Tannum Sands 9,725
23%
Tin Can Bay 2,286
23%
Beerwah 5,931
21%
Boonah 2,727
21%
Home Hill 2,860
21%
Jimboomba 5,588
20%
Nanango 3,440
20%
Bongaree 20,981
19%
Dysart 2,301
19%
Laidley 3,505
19%
Glass House Mountains 4,066
18%
Oakey 4,328
18%
Calliope 3,559
16%
Kuranda 2,456
16%
Burnett Heads 2,913
15%
Cooroy 3,483
15%
Gracemere 11,542
15%
Highfields 10,272
15%
Mount Morgan 2,482
15%
Tamborine Mountain 8,015
15%
Pittsworth 2,924
14%
Rosewood 2,324
14%
Woodford 3,378
14%
Emu Park 4,861
13%
Jacobs Well 2,864
13%
Flagstone 5,971
11%
Mount Cotton 6,082
11%
Palmwoods 4,479
11%
Yarrabah 2,504
11%
Lowood 3,870
10%
Yandina 2,598
10%
Fernvale 3,195
9%
Marian 2,536
9%
Sandstone Point 9,934
9%
Toogoom 2,353
9%
Beachmere 4,445
8%
Moore Park Beach 2,291
8%
Walkerston 3,442
8%
Cooloola Cove 2,932
6%
Kensington Grove 5,520
6%
Yarrabilba 10,701
6%
Mooloolah 3,331
5%
Westbrook 3,862
5%
Oakhurst 2,407
4%
Cedar Vale 2,623
3%
Glenview 2,717
3%
Macleay Island 3,189
3%
Meringandan West 4,175
3%
Russell Island 3,703
3%
No matching quizzes found
Score Distribution
Percent of People with Each Score
Percentile by Number Answered
Your Score History
You have not taken this quiz